| 000 | 00000nas##2200000za#4500 |
| 001 | 9.509631 |
| 003 | CaOODSP |
| 005 | 20200331214152 |
| 007 | ta |
| 008 | 150406c1994||||xxc|| m #||||f| |0fre|d |
| 040 | |aCaOODSP|bfre |
| 041 | |aeng |
| 041 | |afre |
| 043 | |an-cn--- |
| 086 | 1 |aSC94-47 |
| 110 | 1 |aCanada.|bCentre canadien de gestion. |
| 245 | 10|aRapport du CCG |
| 260 | |aOttawa - Ontario : |bCentre canadien de gestion |
| 500 | |a«Ces rapports feront état du point de vue du CCG sur les thèmes ou les enjeux actuels en matière de gestion et offriront des conseils pratiques aux gestionnaires.»--Préface. |
| 520 | 3 |aCes rapports feront état du point de vue du CCG sur les thèmes ou les enjeux actuels en matière de gestion et offriront des conseils pratiques aux gestionnaires.--Préface |
| 546 | |aBilingue |
| 563 | |aCouverture souple |
| 776 | 0#|tRapport du CCG |w(CaOODSP)9.503292 |
| 776 | 0#|tCCMD report |w(CaOODSP)9.506895 |
| 791 | |tCCMD report |eeng|w(CaOODSP)9.509630 |